| 000 | 00438nam a2200169Ia 4500 | ||
|---|---|---|---|
| 008 | 230524s9999 xx 000 0 und d | ||
| 020 | _a9788122427851 | ||
| 082 |
_a621.4022 _bSAC |
||
| 100 | _aR.C.Sachdeva | ||
| 245 | 0 | _aFundamentals of Engineering Heat and Mass Transfer (SI Units) | |
| 250 | _a4 | ||
| 260 |
_aNew Delhi _bNew Age _c2014 |
||
| 300 | _a673p; | ||
| 500 | _aQuantity Number: 10 | ||
| 650 | _aMechanics | ||
| 942 | _cBK | ||
| 999 |
_c53845 _d53845 |
||